Sentence skills : A workbook for writers /

Guardado en:
Detalles Bibliográficos
Autor principal: Langan, John (Autor)
Formato: Libro
Lenguaje:inglés
Publicado: New York : McGraw-Hill, 1990
Edición:4.ed.
Materias:
Etiquetas: Agregar Etiqueta
Sin Etiquetas, Sea el primero en etiquetar este registro!

MARC

LEADER 00000nam a22000003a 4500
001 stu6232
005 20150617225808.1
008 940624s1990----xxu-----------------eng-d
020 |a 0-07-036344-7 
040 |a STU  |b slo 
041 0 |a eng 
044 |a xxu 
080 |a 802.0-56 
100 1 |a Langan, John  |4 aut 
245 1 |a Sentence skills :  |b A workbook for writers /  |c [aut.] Langan,John 
250 |a 4.ed. 
260 |a New York :  |b McGraw-Hill,  |c 1990 
300 |a 482 s 
650 7 |a angličtina  |2 stusub 
650 7 |a syntax  |2 stusub 
650 7 |a náuka o vete  |2 stusub 
996 |b E79036  |c R*79036  |l RRUM  |s A  |a 24  |w stu6232_0001